LDR 00615naa#a2200169#i#450# 001 EN\\bibl\122855 005 20260512101721.2 011 ## _a2073-4018 100 ## _a20260508b2026####ek#y0engy0150####ca 102 ## _aRU 200 1# _aAnalysis of the dynamics of Russian production of butter and spreads _eJournal article 210 1# _aKemerovo _cKemerovo State University _d2026 215 ## _a7 с. 608 ## _aJournal article _2local 675 ## _aСельское хозяйство. Лесное хозяйство. Охота. Рыбное хозяйство. 63 _z 700 #1 _aGoroschenko _gLyudmila G. 856 4# _avestnik-pses.kemsu.ru _u